000 00551nam a2200229Ia 4500
003 OSt
005 20221005121516.0
006 a|||||r|||| 00| 0
007 ta
008 221004b |||||||| |||| 00| 0 tam d
024 _a51656
037 _cTextual
040 _aCRL
_cCRL
_btam
041 _2tam
_atam
082 _aQ2, 31J6
100 _aNirvetanandar Au.
_9630701
245 0 _aHindu madasaram
260 _c1956
650 _aRELIGION
942 _hQ2, 31J6
_cTEXL
_2cc
999 _c1041331
_d1041331